| 000 | 02008cam a22004814i 4500 | ||
|---|---|---|---|
| 003 | PE-LiUPU | ||
| 005 | 20250731173526.0 | ||
| 008 | 150616s1986 xxu r 000 0 spa d | ||
| 035 | _a(Sirsi) a8552 | ||
| 040 |
_aPE-LiUPU _bspa _cPE-LiUPU _erda |
||
| 041 | 1 |
_aspa _heng |
|
| 050 |
_aBX6147 _b.M46 |
||
| 082 | 0 | 4 |
_a286.7325 _bMS |
| 082 | 0 | 4 |
_a286.7325 _bMS42 1986 |
| 100 | 1 |
_aWhite, Elena G. de, _eautor. |
|
| 245 | 1 | 0 |
_aMensajes Selectos. _n3 / _cElena G. de White. |
| 250 | _aTercera edición. | ||
| 264 | 1 |
_aCalifornia : _bPublicaciones Interamericanas, _c1986. |
|
| 300 |
_a597 páginas ; _c12 centímentros. |
||
| 336 |
_atext _2rdacontent |
||
| 337 |
_aunmediated _2rdamedia |
||
| 338 |
_avolume _2rdacarrier |
||
| 505 | 0 | _aLa iglesia -- Principios relativos a la inspiración -- L preparación de los libros de Elena de White -- La encarnación -- Principios de la salvación -- Educación: La escuela primaria adventista y las universidades del mundo -- Normas -- La reforma pro salud -- Consejos sobre diversos asuntos. | |
| 526 | _aSEG42 | ||
| 526 | _aSEG41 | ||
| 526 | _aSEG40 | ||
| 526 | _aSEG39 | ||
| 526 | _aP94 | ||
| 526 | _aP87 | ||
| 526 | _aP86 | ||
| 526 | _aP85 | ||
| 526 | _aP77 | ||
| 526 | _aP76 | ||
| 526 | _aP35 | ||
| 534 |
_aTítulo original : _tSelected Messages |
||
| 650 | 0 | 4 | _aCONSEJERIA CRISTIANA. |
| 596 | _a1 2 4 | ||
| 942 |
_2ddc _cBOOK |
||
| 999 |
_a286.7325 M42 _wDEWEY _c59917 _i32377 _d59917 _e2017-11-20 _f2021-11-11 _g5 _lCCODEBUL1 _mBUL _n4 _p15.00 _q3 _r0 _sY _tBOOK _u2015-4-23 _xTEOLOGIA _PP35 _0COMPRA _o.STAFF. Colección Teología |
||
| 999 |
_aW286.7325 MS T3 1986 _wDEWEY _c1 _iFT02271 _f2019-2-20 _g2 _lCCODECWL1 _mBUT _p4.00 _r0 _sY _tBOOK _u2015-6-16 _xBIBLIOTECA _zUNKNOWN _0DONACION _o.STAFF. Colección General |
||
| 999 |
_a286.7325 MS T3 1986 _wDEWEY _c1 _iCW32376 _f2021-12-21 _g2 _lCCODECWL1 _mBWL _p20.00 _r1 _sY _tBOOK _u2015-4-23 _xWHITE _zUNKNOWN _0COMPRA _o.STAFF. Centro White |
||
| 980 |
_81 _gALBERTO SANCHEZ Responsable de Automatización |
||